brand logo's - Statistics

General Stats
  • This quiz has been taken 334 times
  • The average score is 14 of 15
Answer Stats
Picture Answer % Correct
apple
100%
KFC
100%
adidas
99%
pepsi
99%
burgerking
98%
instagram
98%
play station
97%
starbucks
97%
taco bell
97%
wikipedia
97%
nintendo
95%
target
95%
jetpunk
92%
Gucci
91%
converse
82%
No matching quizzes found
Score Distribution
Percent of People with Each Score
Percentile by Number Answered
Your Score History
You have not taken this quiz